000 00467cam a2200193ua 4500
020 _c48.00
041 _aeng
_h
082 _a620.1
_bKAM/EN
100 _aKamala , A .
245 _aEngineering mechanics /
_cA Kamala.
_hTextual Documents
250 _a2 /
_b.
260 _aNew Delhi :
_bPremier Publishing Co. ,
_c1997.
300 _a286 ; .
365 _a48.00
504 _a
700 1 _aSarma, A V R J .
942 _cBK
999 _c10247
_d10247